Carregando...

Samavrithangal /

Detalhes bibliográficos
Autor principal: Balakrishnan, Mangadu
Idioma:Undetermined
Publicado em: Kottayam : D C Books , 1996.
LEADER 00617nam a2200157Ia 4500
001 61739
008 170722s9999 xx 000 0 und d
020 |a 8171306497 
100 |a Balakrishnan, Mangadu 
245 |a Samavrithangal / 
260 |a Kottayam :  |b D C Books ,  |c 1996. 
300 |a 136 p.  |c 20cms 
942 |c GEN 
999 |c 116354  |d 116354 
952 |0 0  |1 0  |4 0  |6 O_3231N464X_N6KRN61  |7 0  |9 164213  |a LIB  |b LIB  |d 2017-08-12  |o O32,31N464x N6(KR)-N6;1  |p 226231  |r 2017-08-12  |v 35.00  |w 2017-08-12  |y GEN 
952 |0 1  |1 0  |4 0  |6 O_3231N464X_N6KRN61  |7 0  |9 164214  |a LIB  |b LIB  |d 2017-08-12  |o O32,31N464x N6(KR)-N6;1  |p 226232  |r 2017-08-12  |v 35.00  |w 2017-08-12  |y GEN